| 000 | 00437 a2200157 4500 | ||
|---|---|---|---|
| 020 | _a8120315316 | ||
| 082 | _a004 | ||
| 100 | _aRajaraman , V. | ||
| 245 |
_aFundamentals of Computers _cV. Rajaraman |
||
| 250 | _a3rd | ||
| 260 |
_aNew Dehli : _bPrentice-Hall of India pvt.ltd., _c2001. |
||
| 300 |
_axi, 351 p. : _bill. _c24 cm. |
||
| 500 | _aIncludes Index | ||
| 650 | _a1.Copmuter programming 2. Computer science | ||
| 942 |
_cBK _k004 RAJ |
||
| 999 |
_c5297 _d5297 |
||